[Event "FIDE World Rapid-ch Open 2018"]
[White "Tomashevsky, Evgeny"]
[Black "Shaposhnikov, Evgeny"]
[Site "St. Petersburg"]
[Round "3.22"]
[Annotator "ChessBase"]
[Result "1/2-1/2"]
[Date "2018.12.26"]
[WhiteElo "2705"]
[BlackElo "2576"]
[PlyCount "54"]
[TimeControl "900+10"]

1. Nf3 {[%emt 0:0:0]} c5 {[%emt 0:0:0]} 2. c4 {[%emt 0:0:0]} Nc6 {[%emt 0:0:5]
} 3. Nc3 {[%emt 0:0:0]} Nd4 {[%emt 0:0:6]} 4. e3 {[%emt 0:0:0]} Nxf3+ {[%emt 0:0:3]} 5. Qxf3 {[%emt 0:0:1]} g6 {[%emt 0:0:11]} 6. b3 {[%emt 0:0:9]} Bg7 {[%emt 0:0:3]} 7. Bb2 {[%emt 0:0:1]} Rb8 {[%emt 0:0:0]} 8. Be2 {[%emt 0:3:56]} d6 {[%emt 0:1:1]} 9. 0-0 {[%emt 0:3:4]} Nh6 {[%emt 0:0:11]
} 10. Qe4 {[%emt 0:0:8]} 0-0 {[%emt 0:0:29]} 11. Rfd1 {[%emt 0:0:3]
} Bf5 {[%emt 0:0:42]} 12. Qh4 {[%emt 0:0:18]} Bd7 {[%emt 0:0:0]} 13. d4 {[%emt 0:0:21]} Nf5 {[%emt 0:0:12]} 14. Qe4 {[%emt 0:0:6]} cxd4 {[%emt 0:0:54]} 15. exd4 {[%emt 0:0:1]} e6 {[%emt 0:0:20]} 16. Rd2 {[%emt 0:2:11]
} Re8 {[%emt 0:0:22]} 17. Rad1 {[%emt 0:0:54]} Bc6 {[%emt 0:0:0]} 18. Qg4 {[%emt 0:0:9]} h5 {[%emt 0:0:35]} 19. Qh3 {[%emt 0:0:16]} d5 {[%emt 0:2:12]
} 20. Bd3 {[%emt 0:2:30]} Nxd4 {[%emt 0:0:58]} 21. Bxg6 {[%emt 0:0:34]
} fxg6 {[%emt 0:0:10]} 22. Rxd4 {[%emt 0:0:1]} Bxd4 {[%emt 0:0:0]} 23. Rxd4 {[%emt 0:0:3]} Qf6 {[%emt 0:0:54]} 24. Qe3 {[%emt 0:2:45]} Rbd8 {[%emt 0:0:18]} 25. h3 {[%emt 0:0:2]} dxc4 {[%emt 0:2:16]} 26. Rxc4 {[%emt 0:0:4]
} e5 {[%emt 0:0:39]} 27. Ne4 {[%emt 0:0:21]} Qf5 {[%emt 0:0:0]} 1/2-1/2

[Event "FIDE World Rapid-ch Open 2018"]
[White "Iljiushenok, Ilia"]
[Black "Jakovenko, Dmitry"]
[Site "St. Petersburg"]
[Round "3.23"]
[Annotator "RC"]
[Result "0-1"]
[Date "2018.12.26"]
[WhiteElo "2533"]
[BlackElo "2735"]
[PlyCount "84"]
[TimeControl "900+10"]

1. e4 {[%emt 0:0:0]} e5 {[%emt 0:0:0]} 2. Nf3 {[%emt 0:0:0]} Nc6 {[%emt 0:0:0]
} 3. d4 {[%emt 0:0:0]} exd4 {[%emt 0:0:0]} 4. Nxd4 {[%emt 0:0:0]} Nf6 {[%emt 0:0:0]} 5. Nxc6 {[%emt 0:0:0]} bxc6 {[%emt 0:0:0]} 6. e5 {[%emt 0:0:1]} Qe7 {[%emt 0:0:1]} 7. Qe2 {[%emt 0:0:1]} Nd5 {[%emt 0:0:0]} 8. c4 {[%emt 0:0:2]} Ba6 {[%emt 0:0:5]} 9. b3 {[%emt 0:0:2]} g6 {[%emt 0:0:4]
} 10. f4 {[%emt 0:0:7]} g5 {[%emt 0:0:2]} 11. fxg5 {[%emt 0:0:0]} h6 {[%emt 0:0:27]} 12. Nd2 {[%emt 0:0:58]} hxg5 {[%emt 0:0:43]} 13. Bb2 {[%emt 0:1:25]} Bg7 {[%emt 0:0:37]} 14. 0-0-0 {[%emt 0:0:3]} Nf4 {[%emt 0:0:21]
} 15. Qe3 {[%emt 0:3:8]} f6 {[%emt 0:3:32]} 16. Re1 {[%emt 0:0:0]} fxe5 {[%emt 0:0:20]} 17. g3 {[%emt 0:0:38]} Ne6 {[%emt 0:0:20]} 18. Bxe5 {[%emt 0:0:18]} Bxe5 {[%emt 0:1:20]} 19. Qxe5 {[%emt 0:0:2]} 0-0-0 {[%emt 0:0:3]
} 20. Qa5 {[%emt 0:0:36]} Bb7 {[%emt 0:0:18]} 21. Bd3 {[%emt 0:0:0]} Rdf8 {[%emt 0:2:46]} 22. Bf5 {[%emt 0:1:28]} c5 {[%emt 0:0:15]} 23. Be4 {[%emt 0:0:34]} Rf2 {[%emt 0:1:30]} 24. Qxa7 {[%emt 0:1:19]} c6 {[%emt 0:0:1]
} 25. Qa5 {[%emt 0:0:34]} Qf6 {[%emt 0:0:24]} 26. h3 {[%emt 0:0:0]} Qa1+ {[%emt 0:0:19]} 27. Kc2 {[%emt 0:0:32]} Nd4+ {[%emt 0:0:40]} 28. Kd3 {[%emt 0:0:1]} Qb2 {[%emt 0:0:1]} 29. Qc3 {[%emt 0:0:1]} Qxc3+ {[%emt 0:0:26]
} 30. Kxc3 {[%emt 0:0:1]} Ne2+ {[%emt 0:0:2]} 31. Rxe2 {[%emt 0:0:30]
} Rxe2 {[%emt 0:0:1]} 32. Kd3 {[%emt 0:0:1]} Rf2 {[%emt 0:0:0]} 33. Bf3 {[%emt 0:0:0]} Re8 {[%emt 0:0:32]} 34. h4 {[%emt 0:0:10]} Re6 {[%emt 0:0:41]} 35. Rd1 {[%emt 0:0:38]} gxh4 {[%emt 0:0:11]} 36. gxh4 {[%emt 0:0:1]
} Kc7 {[%emt 0:0:7]} 37. h5 {[%emt 0:0:2]} d5 {[%emt 0:0:17]
} 38. Bg4 {[%emt 0:0:24]} Ref6 {[%emt 0:0:11]} 39. Rh1 {[%emt 0:0:4]} R6f4 {[%emt 0:1:31]} 40. h6 {[%emt 0:0:11]} Rxg4 {[%emt 0:0:19]} 41. h7 {[%emt 0:0:0]} Rd4+ {[%emt 0:0:10]} 42. Ke3 {[%emt 0:0:8]} Rdxd2 {[%emt 0:0:4]
Kd4} 0-1

[Event "FIDE World Rapid-ch Open 2018"]
[White "Anand, Viswanathan"]
[Black "Levin, Evgeny A."]
[Site "St. Petersburg"]
[Round "3.24"]
[Annotator "TA"]
[Result "1-0"]
[Date "2018.12.26"]
[WhiteElo "2773"]
[BlackElo "2516"]
[PlyCount "81"]

1. e4 {} e6 2. d4 d5 3. Nc3 Nf6 4. e5 Nfd7 5. f4 c5 6. Nf3 Nc6 7. Be3 a6 8. Qd2 b5 9. Nd1 {
C11: French: Classical System: 4 e5 and 4 Bg5 dxe4} (9. a3 Rb8 10. dxc5 Bxc5 11. Bxc5 Nxc5 12. b4 Nd7 13. Bd3 Qb6 14. Ne2 f6 15. exf6 Nxf6 16. Ned4 Nxd4 17. Nxd4 {1/2-1/2 (31) Grischuk,A (2769)-Short,N (2652) Douglas 2018} )cxd4 10. Nxd4 Nxd4 11. Bxd4 Bc5 12. c3 {LiveBook: 4 Games} 0-0 13. Be2 {[#]} f6 $146 ({Predecessor:} 13... Qb6 14. 0-0 b4 15. Ne3 a5 16. Rf3 f6 17. exf6 Nxf6 18. Bxc5 Qxc5 19. Qd4 {1/2-1/2 (19) Brkic,A (2583)-Sumets,A (2638) Zadar 2012} )14. 0-0 (14. exf6 {keeps more tension.} Bxd4 15. Qxd4 Qxf6 16. 0-0 Bb7 17. Ne3 )fxe5 15. fxe5 Rxf1+ 16. Bxf1 Bb7 (16... Qc7 $11 )17. Qe3 Rc8 18. Nf2 Qb6 19. a3 Bxd4 20. cxd4 b4 21. axb4 Qxb4 22. Ra3 $36 {
 [#] And now Rb3 would win. White is on the roll.} Rc7 23. Rb3 Qe7 24. Qd2 Qd8 (24... Bc8 $16 25. Qa5 Nf8 )25. Nd3 Qh4 26. Nf4 Nf8 27. g3 Qe7 28. Rb6 Bc8 29. Rd6 Rd7 30. Rc6 Rc7 31. Qc3 Rxc6 32. Qxc6 { [#] Double
Attack} Qb4 $2 (32... Qb7 $16 33. Qc2 Bd7 )33. Qxc8 $18 Qxd4+ 34. Kh1 {Hoping
for Qxf8+!} Qe4+ 35. Ng2 Qb1 {} 36. Qxa6 Qxb2 37. Qe2 Qxe2 38. Bxe2 g5 $2 (38... Nd7 {might work better.} 39. Bg4 Kf7 )39. Ne1 {White is clearly
winning.} Nd7 40. Nd3 Kf7 41. Kg2 {Accuracy: White = 54%, Black = 44%.} 1-0

[Event "FIDE World Rapid-ch Open 2018"]
[White "Postny, Evgeny"]
[Black "Jobava, Baadur"]
[Site "St. Petersburg"]
[Round "3.25"]
[Annotator "ChessBase"]
[Result "1-0"]
[Date "2018.12.26"]
[WhiteElo "2615"]
[BlackElo "2627"]
[PlyCount "125"]
[TimeControl "900+10"]

1. d4 {[%emt 0:0:0]} Nf6 {[%emt 0:0:0]} 2. c4 {[%emt 0:0:0]} e6 {[%emt 0:0:0]} 3. Nf3 {[%emt 0:0:0]} Bb4+ {[%emt 0:0:0]} 4. Bd2 {[%emt 0:0:0]} Bxd2+ {[%emt 0:0:0]} 5. Qxd2 {[%emt 0:0:2]} d5 {[%emt 0:0:0]} 6. e3 {[%emt 0:0:19]
} 0-0 {[%emt 0:0:0]} 7. Nc3 {[%emt 0:0:1]} Qe7 {[%emt 0:0:0]} 8. a3 {[%emt 0:0:45]} Rd8 {[%emt 0:0:6]} 9. cxd5 {[%emt 0:0:3]} exd5 {[%emt 0:0:1]} 10. Bd3 {[%emt 0:0:5]} Nc6 {[%emt 0:0:3]} 11. h3 {[%emt 0:0:0]} a6 {[%emt 0:2:0]} 12. Qc2 {[%emt 0:0:54]} Na7 {[%emt 0:0:7]} 13. 0-0 {[%emt 0:0:18]} c6 {[%emt 0:0:2]} 14. a4 {[%emt 0:0:47]} a5 {[%emt 0:0:0]} 15. Rfe1 {[%emt 0:0:3]} g6 {[%emt 0:0:26]} 16. e4 {[%emt 0:0:31]} dxe4 {[%emt 0:0:3]} 17. Nxe4 {[%emt 0:0:2]} Nxe4 {[%emt 0:0:7]} 18. Rxe4 {[%emt 0:0:14]} Qf6 {[%emt 0:1:1]} 19. Qd2 {[%emt 0:1:33]} Be6 {[%emt 0:0:0]} 20. Rf4 {[%emt 0:0:29]} Qg7 {[%emt 0:0:29]} 21. Qxa5 {[%emt 0:0:57]} Nb5 {[%emt 0:0:22]} 22. Qb6 {[%emt 0:2:49]} Nd6 {[%emt 0:0:8]} 23. h4 {[%emt 0:1:21]
} h6 {[%emt 0:0:3]} 24. Re1 {[%emt 0:1:5]} Re8 {[%emt 0:0:0]} 25. Qc5 {[%emt 0:0:27]} Rad8 {[%emt 0:0:2]} 26. Qe5 {[%emt 0:1:44]} Bd5 {[%emt 0:0:35]} 27. Qxg7+ {[%emt 0:0:11]} Kxg7 {[%emt 0:0:1]} 28. Re3 {[%emt 0:0:31]
} f6 {[%emt 0:0:59]} 29. Rg4 {[%emt 0:0:36]} f5 {[%emt 0:0:34]
} 30. Rg3 {[%emt 0:0:26]} Be4 {[%emt 0:4:9]} 31. Bxe4 {[%emt 0:2:24]} Nxe4 {[%emt 0:0:2]} 32. Rh3 {[%emt 0:0:1]} Kf6 {[%emt 0:0:11]} 33. Rb3 {[%emt 0:0:4]
} Re7 {[%emt 0:0:1]} 34. Rb4 {[%emt 0:0:24]} Rd6 {[%emt 0:0:0]} 35. g3 {[%emt 0:0:16]} c5 {[%emt 0:0:40]} 36. dxc5 {[%emt 0:0:1]} Nxc5 {[%emt 0:0:1]} 37. g4 {[%emt 0:0:17]} Rd1+ {[%emt 0:0:56]} 38. Kg2 {[%emt 0:0:2]
} Nd3 {[%emt 0:0:1]} 39. Rb6+ {[%emt 0:0:19]} Kg7 {[%emt 0:0:0]} 40. gxf5 {[%emt 0:0:6]} Nf4+ {[%emt 0:0:12]} 41. Kg3 {[%emt 0:0:5]} Nh5+ {[%emt 0:0:59]} 42. Kh2 {[%emt 0:0:6]} gxf5 {[%emt 0:0:3]} 43. Ng1 {[%emt 0:0:29]
} Nf6 {[%emt 0:0:25]} 44. Rg3+ {[%emt 0:0:7]} Ng4+ {[%emt 0:0:0]} 45. Kg2 {[%emt 0:0:4]} Rd2 {[%emt 0:0:31]} 46. Nh3 {[%emt 0:0:7]} Kh7 {[%emt 0:0:5]} 47. Rgb3 {[%emt 0:0:5]} Rdd7 {[%emt 0:0:24]} 48. Nf4 {[%emt 0:0:24]
} Ne5 {[%emt 0:0:7]} 49. Nh5 {[%emt 0:0:7]} Rd4 {[%emt 0:0:0]} 50. Rxb7 {[%emt 0:0:23]} Rxb7 {[%emt 0:0:7]} 51. Rxb7+ {[%emt 0:0:1]} Kg6 {[%emt 0:0:1]} 52. Ng3 {[%emt 0:0:4]} Rxh4 {[%emt 0:0:13]} 53. a5 {[%emt 0:0:9]
} Ra4 {[%emt 0:0:7]} 54. b4 {[%emt 0:0:10]} Nd3 {[%emt 0:0:0]} 55. Rb6+ {[%emt 0:0:13]} Kg5 {[%emt 0:0:3]} 56. Rb5 {[%emt 0:0:3]} Nxb4 {[%emt 0:0:3]} 57. Rxf5+ {[%emt 0:0:1]} Kg6 {[%emt 0:0:10]} 58. Rf4 {[%emt 0:0:2]
} h5 {[%emt 0:0:52]} 59. a6 {[%emt 0:0:4]} Kg5 {[%emt 0:0:0]
} 60. Rc4 {[%emt 0:0:4]} h4 {[%emt 0:0:1]} 61. Ne4+ {[%emt 0:0:2]} Kf5 {[%emt 0:0:10]
} 62. Nc5 {[%emt 0:0:6]} h3+ {[%emt 0:0:5]} 63. Kh2 {[%emt 0:0:0]} 1-0

[Event "FIDE World Rapid-ch Open 2018"]
[White "Demidov, Mikhail"]
[Black "Anton Guijarro, David"]
[Site "St. Petersburg"]
[Round "3.26"]
[Annotator "ChessBase"]
[Result "1/2-1/2"]
[Date "2018.12.26"]
[WhiteElo "2520"]
[BlackElo "2642"]
[PlyCount "73"]
[TimeControl "900+10"]

1. d4 {[%emt 0:0:0]} f5 {[%emt 0:0:0]} 2. g3 {[%emt 0:0:16]} Nf6 {[%emt 0:0:0]} 3. Bg2 {[%emt 0:0:2]} g6 {[%emt 0:0:2]} 4. Nf3 {[%emt 0:0:4]} Bg7 {[%emt 0:0:3]} 5. 0-0 {[%emt 0:0:5]} 0-0 {[%emt 0:0:4]} 6. b4 {[%emt 0:0:0]} c6 {[%emt 0:0:28]} 7. Bb2 {[%emt 0:0:9]} a5 {[%emt 0:0:32]} 8. a3 {[%emt 0:0:22]
} axb4 {[%emt 0:1:6]} 9. axb4 {[%emt 0:0:3]} Rxa1 {[%emt 0:0:0]} 10. Bxa1 {[%emt 0:0:1]} Na6 {[%emt 0:0:15]} 11. c3 {[%emt 0:0:39]} d5 {[%emt 0:0:31]} 12. Nbd2 {[%emt 0:1:53]} Ne4 {[%emt 0:1:17]} 13. e3 {[%emt 0:0:39]
} Be6 {[%emt 0:0:31]} 14. Bb2 {[%emt 0:1:57]} Nc7 {[%emt 0:0:0]} 15. Nb3 {[%emt 0:0:28]} Nb5 {[%emt 0:0:32]} 16. Qc2 {[%emt 0:0:39]} Nbd6 {[%emt 0:1:55]} 17. Nc5 {[%emt 0:0:5]} Bc8 {[%emt 0:1:3]} 18. Nd3 {[%emt 0:0:7]
} Nc4 {[%emt 0:1:4]} 19. Ra1 {[%emt 0:1:0]} g5 {[%emt 0:0:0]} 20. Nfe5 {[%emt 0:2:9]} Ncd6 {[%emt 0:1:35]} 21. Nc4 {[%emt 0:0:10]} Nxc4 {[%emt 0:0:8]} 22. Bc1 {[%emt 0:0:22]} Qc7 {[%emt 0:0:48]} 23. b5 {[%emt 0:0:45]
} e6 {[%emt 0:0:39]} 24. bxc6 Qxc6 {[%emt 0:0:40]} 25. Qb3 {[%emt 0:0:58]
} b6 {[%emt 0:0:10]} 26. Nb4 {[%emt 0:2:29]} Qd7 {[%emt 0:0:0]} 27. Nd3 {[%emt 0:0:20]} Qc7 {[%emt 0:1:29]} 28. Nb2 {[%emt 0:0:57]} Na5 {[%emt 0:0:11]} 29. Qb4 {[%emt 0:0:8]} Bd7 {[%emt 0:1:15]} 30. Bd2 {[%emt 0:0:41]
} Rc8 {[%emt 0:0:43]} 31. Nd3 {[%emt 0:0:56]} Nc4 {[%emt 0:0:0]} 32. Be1 {[%emt 0:0:1]} Bf8 {[%emt 0:0:19]} 33. Qb3 {[%emt 0:0:12]} Bc6 {[%emt 0:0:14]} 34. Nb2 {[%emt 0:0:17]} Na5 {[%emt 0:0:15]} 35. Qd1 {[%emt 0:0:3]
} Bb5 {[%emt 0:0:15]} 36. h3 {[%emt 0:0:32]} Nc4 {[%emt 0:0:0]} 37. Nd3 1/2-1/2

[Event "FIDE World Rapid-ch Open 2018"]
[White "Akopian, Vladimir"]
[Black "Sokolov, Andrei"]
[Site "St. Petersburg"]
[Round "3.27"]
[Annotator "ChessBase"]
[Result "1-0"]
[Date "2018.12.26"]
[WhiteElo "2650"]
[BlackElo "2532"]
[PlyCount "71"]
[TimeControl "900+10"]

1. Nf3 {[%emt 0:0:0]} d6 {[%emt 0:0:3]} 2. e4 {[%emt 0:0:9]} Nf6 {[%emt 0:0:5]
} 3. Nc3 {[%emt 0:0:20]} c6 {[%emt 0:0:15]} 4. d4 {[%emt 0:0:0]} Bg4 {[%emt 0:0:3]} 5. Be2 {[%emt 0:0:30]} e6 {[%emt 0:0:2]} 6. 0-0 {[%emt 0:0:38]
} d5 {[%emt 0:0:29]} 7. e5 {[%emt 0:1:45]} Bxf3 {[%emt 0:1:0]
} 8. exf6 {[%emt 0:0:35]} Bxe2 {[%emt 0:0:2]} 9. fxg7 {[%emt 0:0:6]} Bxg7 {[%emt 0:0:6]} 10. Nxe2 {[%emt 0:0:2]} Nd7 {[%emt 0:1:39]} 11. Nf4 {[%emt 0:0:17]
} Nf6 {[%emt 0:1:6]} 12. Re1 {[%emt 0:0:28]} Qe7 {[%emt 0:0:0]} 13. a4 {[%emt 0:0:26]} 0-0-0 {[%emt 0:1:33]} 14. a5 {[%emt 0:0:6]} a6 {[%emt 0:0:26]} 15. Ra3 {[%emt 0:1:41]} Ne4 {[%emt 0:0:23]} 16. Nh5 {[%emt 0:0:44]
} Rhg8 {[%emt 0:0:29]} 17. Bf4 {[%emt 0:1:12]} Bh8 {[%emt 0:0:0]} 18. Ng3 {[%emt 0:0:10]} Nxg3 {[%emt 0:1:7]} 19. hxg3 {[%emt 0:1:17]} h5 {[%emt 0:0:38]} 20. Qd2 {[%emt 0:1:55]} h4 {[%emt 0:0:28]} 21. Rf3 {[%emt 0:0:4]
} hxg3 {[%emt 0:0:15]} 22. Bxg3 {[%emt 0:0:7]} Rg4 {[%emt 0:0:0]} 23. c3 {[%emt 0:1:11]} Bf6 {[%emt 0:1:0]} 24. Qh6 {[%emt 0:0:25]} Bg7 {[%emt 0:1:30]} 25. Qh5 {[%emt 0:0:39]} Rg6 {[%emt 0:1:21]} 26. Bh4 {[%emt 0:0:4]
} Qd7 {[%emt 0:0:12]} 27. Bxd8 {[%emt 0:0:11]} Kxd8 {[%emt 0:0:0]} 28. Ree3 {[%emt 0:1:36]} Bh6 {[%emt 0:0:25]} 29. Rd3 {[%emt 0:0:7]} Qe7 {[%emt 0:0:14]} 30. Rg3 {[%emt 0:0:4]} Bg5 {[%emt 0:0:15]} 31. Rdf3 {[%emt 0:0:15]
} Ke8 {[%emt 0:0:16]} 32. Qh8+ {[%emt 0:0:11]} Qf8 {[%emt 0:0:0]} 33. Qe5 {[%emt 0:0:10]} Qh6 {[%emt 0:0:4]} 34. Rh3 {[%emt 0:1:3]} Qg7 {[%emt 0:0:12]} 35. Rh8+ {[%emt 0:0:12]} Kd7 {[%emt 0:0:21]} 36. Qb8 {[%emt 0:1:13]
} 1-0

[Event "FIDE World Rapid-ch Open 2018"]
[White "Predke, Alexandr"]
[Black "Motylev, Alexander"]
[Site "St. Petersburg"]
[Round "3.28"]
[Annotator "ChessBase"]
[Result "1/2-1/2"]
[Date "2018.12.26"]
[WhiteElo "2622"]
[BlackElo "2644"]
[PlyCount "83"]
[TimeControl "900+10"]

1. e4 {[%emt 0:0:0]} e5 {[%emt 0:0:0]} 2. Nc3 {[%emt 0:0:0]} Nf6 {[%emt 0:0:8]
} 3. g3 {[%emt 0:0:0]} d5 {[%emt 0:0:15]} 4. exd5 {[%emt 0:0:0]} Nxd5 {[%emt 0:0:1]} 5. Bg2 {[%emt 0:0:2]} Nxc3 {[%emt 0:0:6]} 6. bxc3 {[%emt 0:0:3]} Bc5 {[%emt 0:0:17]} 7. Nf3 {[%emt 0:0:5]} Nc6 {[%emt 0:0:2]
} 8. 0-0 {[%emt 0:0:11]} 0-0 {[%emt 0:0:2]} 9. Qe2 {[%emt 0:0:0]} Re8 {[%emt 0:0:23]} 10. d3 {[%emt 0:0:8]} Bg4 {[%emt 0:0:27]} 11. h3 {[%emt 0:0:47]} Bh5 {[%emt 0:0:3]} 12. g4 {[%emt 0:0:2]} Bg6 {[%emt 0:0:0]} 13. Nd2 {[%emt 0:0:1]} Bb6 {[%emt 0:0:42]} 14. Ne4 {[%emt 0:0:32]} Ne7 {[%emt 0:0:19]} 15. a4 {[%emt 0:1:19]} c6 {[%emt 0:0:27]} 16. c4 {[%emt 0:1:40]
} f5 {[%emt 0:0:54]} 17. Ng5 {[%emt 0:0:28]} h6 {[%emt 0:0:55]
} 18. a5 {[%emt 0:0:18]} Bd4 {[%emt 0:1:2]} 19. Ne6 {[%emt 0:0:35]} Qd7 {[%emt 0:0:6]
} 20. Nxd4 {[%emt 0:1:8]} exd4 {[%emt 0:0:13]} 21. Qf3 {[%emt 0:0:11]
} Rf8 {[%emt 0:2:18]} 22. Qg3 {[%emt 0:0:10]} fxg4 {[%emt 0:0:0]} 23. hxg4 {[%emt 0:0:2]} h5 {[%emt 0:0:7]} 24. Ba3 {[%emt 0:1:16]} hxg4 {[%emt 0:1:4]} 25. Qd6 {[%emt 0:0:24]} Qxd6 {[%emt 0:1:50]} 26. Bxd6 {[%emt 0:0:3]
} Rf7 {[%emt 0:0:1]} 27. a6 {[%emt 0:0:1]} b6 {[%emt 0:0:5]
} 28. c5 {[%emt 0:1:16]} bxc5 {[%emt 0:2:20]} 29. Bxc5 {[%emt 0:0:6]} Nd5 {[%emt 0:0:32]
} 30. Bxd5 {[%emt 0:1:23]} cxd5 {[%emt 0:0:2]} 31. Bxd4 {[%emt 0:0:2]
} Rc8 {[%emt 0:0:58]} 32. Ra2 {[%emt 0:0:44]} Rc6 {[%emt 0:0:0]} 33. Rb1 {[%emt 0:0:21]} Bf5 {[%emt 0:0:2]} 34. Rb5 {[%emt 0:1:18]} Be6 {[%emt 0:0:3]} 35. Kg2 {[%emt 0:0:47]} Kh7 {[%emt 0:0:6]} 36. Rb7 {[%emt 0:2:48]
} Rcc7 {[%emt 0:0:1]} 37. Rb8 {[%emt 0:0:1]} Rc6 {[%emt 0:0:0]} 38. Rd8 {[%emt 0:0:56]} Rfc7 {[%emt 0:0:18]} 39. c3 {[%emt 0:0:3]} Rc8 {[%emt 0:0:16]} 40. Rxc8 {[%emt 0:0:31]} Bxc8 {[%emt 0:0:2]} 41. Bxa7 {[%emt 0:1:9]
} Rxa6 {[%emt 0:0:1]} 42. Rxa6 {[%emt 0:0:3]} 1/2-1/2

[Event "FIDE World Rapid-ch Open 2018"]
[White "Moiseenko, Vadim"]
[Black "Salem, A.R. Saleh"]
[Site "St. Petersburg"]
[Round "3.29"]
[Annotator "ChessBase"]
[Result "1/2-1/2"]
[Date "2018.12.26"]
[WhiteElo "2501"]
[BlackElo "2660"]
[PlyCount "144"]
[TimeControl "900+10"]

1. e4 {[%emt 0:0:0]} c5 {[%emt 0:0:0]} 2. Nf3 {[%emt 0:0:0]} d6 {[%emt 0:0:0]} 3. d4 {[%emt 0:0:0]} cxd4 {[%emt 0:0:0]} 4. Nxd4 {[%emt 0:0:0]} Nf6 {[%emt 0:0:0]} 5. Nc3 {[%emt 0:0:0]} a6 {[%emt 0:0:0]} 6. Be3 {[%emt 0:0:0]
} Ng4 {[%emt 0:0:0]} 7. Bc1 {[%emt 0:0:7]} Nf6 {[%emt 0:0:0]} 8. Be3 {[%emt 0:0:2]} Ng4 {[%emt 0:0:0]} 9. Bg5 {[%emt 0:0:21]} h6 {[%emt 0:0:0]
} 10. Bh4 {[%emt 0:0:4]} g5 {[%emt 0:0:1]} 11. Bg3 {[%emt 0:0:0]} Bg7 {[%emt 0:0:1]} 12. h3 {[%emt 0:0:4]} Ne5 {[%emt 0:0:2]} 13. f3 {[%emt 0:0:2]} Nbc6 {[%emt 0:0:2]} 14. Bf2 {[%emt 0:0:4]} Be6 {[%emt 0:0:23]
} 15. Qd2 {[%emt 0:0:17]} Nxd4 {[%emt 0:0:31]} 16. Bxd4 {[%emt 0:0:6]
} Rc8 {[%emt 0:0:3]} 17. h4 {[%emt 0:0:34]} Qa5 {[%emt 0:0:0]} 18. a3 {[%emt 0:0:46]} b5 {[%emt 0:3:28]} 19. Rd1 {[%emt 0:0:25]} Rg8 {[%emt 0:2:15]
} 20. hxg5 {[%emt 0:1:4]} hxg5 {[%emt 0:0:1]} 21. Be2 {[%emt 0:2:11]
} Bf6 {[%emt 0:1:26]} 22. g3 {[%emt 0:2:28]} Rc4 {[%emt 0:0:0]} 23. Bxe5 {[%emt 0:2:38]} Bxe5 {[%emt 0:0:1]} 24. Bxc4 {[%emt 0:0:2]} Bxg3+ {[%emt 0:0:10]} 25. Kf1 {[%emt 0:0:1]} Bxc4+ {[%emt 0:0:6]} 26. Kg2 {[%emt 0:0:1]} Be5 {[%emt 0:1:19]} 27. Rh5 {[%emt 0:0:11]} Qd8 {[%emt 0:0:0]} 28. Rxg5 {[%emt 0:2:27]} Kd7 {[%emt 0:0:1]} 29. Qe3 {[%emt 0:1:2]} Rxg5+ {[%emt 0:0:29]} 30. Qxg5 {[%emt 0:0:0]} Qh8 {[%emt 0:0:1]} 31. Rh1 {[%emt 0:1:24]
} Bf1+ {[%emt 0:0:6]} 32. Kg1 {[%emt 0:0:25]} Bd4+ {[%emt 0:0:0]} 33. Kxf1 {[%emt 0:0:1]} Qxh1+ {[%emt 0:0:1]} 34. Ke2 {[%emt 0:0:0]} e6 {[%emt 0:1:30]} 35. Nd1 {[%emt 0:0:41]} Be5 {[%emt 0:0:46]} 36. Qe3 {[%emt 0:0:40]} Ke8 {[%emt 0:0:30]} 37. c3 {[%emt 0:0:27]} Qh2+ {[%emt 0:0:0]} 38. Qf2 {[%emt 0:0:25]} Qh6 {[%emt 0:0:1]} 39. Ne3 {[%emt 0:0:14]} Bg7 {[%emt 0:1:36]} 40. Qg1 {[%emt 0:0:54]} Kf8 {[%emt 0:0:31]} 41. Ng4 {[%emt 0:0:24]
} Qh3 {[%emt 0:0:2]} 42. Qh2 {[%emt 0:0:40]} Qxh2+ {[%emt 0:0:0]} 43. Nxh2 {[%emt 0:0:1]} Ke7 {[%emt 0:0:12]} 44. Ng4 {[%emt 0:0:6]} Kd7 {[%emt 0:0:6]} 45. Kd3 {[%emt 0:0:3]} Kc6 {[%emt 0:0:2]} 46. Ne3 {[%emt 0:0:36]
} Bh6 {[%emt 0:0:6]} 47. Nc2 {[%emt 0:0:15]} Kc5 {[%emt 0:0:0]} 48. Nd4 {[%emt 0:0:14]} Bg5 {[%emt 0:0:14]} 49. Ne2 {[%emt 0:0:17]} Bh6 {[%emt 0:0:10]} 50. Nd4 {[%emt 0:0:2]} Bg7 {[%emt 0:0:1]} 51. f4 {[%emt 0:0:0]} d5 {[%emt 0:1:11]} 52. b4+ {[%emt 0:0:16]} Kd6 {[%emt 0:0:2]} 53. e5+ {[%emt 0:0:15]} Kd7 {[%emt 0:0:3]} 54. Nb3 {[%emt 0:0:7]} Bf8 {[%emt 0:0:1]
} 55. Kd4 {[%emt 0:0:10]} Kc6 {[%emt 0:0:2]} 56. Ke3 {[%emt 0:0:0]} Kd7 {[%emt 0:0:16]} 57. Kd4 {[%emt 0:0:11]} Kc6 {[%emt 0:0:3]} 58. Ke3 {[%emt 0:0:1]} Be7 {[%emt 0:0:22]} 59. Nd4+ {[%emt 0:0:25]} Kd7 {[%emt 0:0:1]
} 60. Nb3 {[%emt 0:0:2]} Kc6 {[%emt 0:0:1]} 61. Nd4+ Kc7 62. Nb3 {[%emt 0:0:13]} Kd7 {[%emt 0:0:3]} 63. Kd4 {[%emt 0:0:6]} Kc6 {[%emt 0:0:1]
} 64. Ke3 {[%emt 0:0:1]} Bd8 {[%emt 0:0:8]} 65. Nd4+ {[%emt 0:0:17]
} Kd7 {[%emt 0:0:1]} 66. Kf3 {[%emt 0:0:5]} Bb6 {[%emt 0:0:0]} 67. f5 {[%emt 0:0:28]} Bxd4 {[%emt 0:0:53]} 68. cxd4 {[%emt 0:0:5]} exf5 {[%emt 0:0:6]} 69. Kf4 {[%emt 0:0:2]} Ke6 {[%emt 0:0:1]} 70. Kg5 {[%emt 0:0:1]
} f4 {[%emt 0:0:3]} 71. Kxf4 {[%emt 0:0:2]} f6 {[%emt 0:0:0]} 72. exf6 {[%emt 0:0:7]} Kxf6 {[%emt 0:0:1] Ke4 Ke5+} 1/2-1/2